| 000 | 00832cpcaa22002417a 4500 | ||
|---|---|---|---|
| 001 | mm 82004147 | ||
| 003 | DLC | ||
| 005 | 20260227111712.0 | ||
| 008 | 821130|||||||||||| spa | ||
| 010 | _amm 82004147 | ||
| 040 |
_aDLC _cDLC _edacs _dDLC |
||
| 072 | 7 |
_aH _2lcmd |
|
| 245 | 0 | 0 |
_aMexican autographs and receipts : _kscrapbook, _f1791-1867. |
| 300 |
_a1 _fvolume (78 pages). |
||
| 506 | 0 | _aOpen to research. | |
| 520 | 8 | _aScrapbook (78 pages) containing Mexican autographs and receipts. | |
| 546 | _aCollection material in Spanish. | ||
| 580 | _aForms part of: Miscellaneous Manuscripts collection. | ||
| 650 | 0 | _aAutographs. | |
| 651 | 0 |
_aMexico _xHistory. |
|
| 999 |
_c43403 _d43403 |
||